Allgemeinbildung : das muss man wissen /
Uložené v:
| Ďalší autori: | , |
|---|---|
| Médium: | Kniha |
| Jazyk: | German |
| Vydané: |
Würzburg :
Arena,
2011.
|
| Vydanie: | 2. Auflage |
| ISBN: |
9783401503783 (brosch.) |
| Fyzický popis: |
352 S. : Ill. ; 20 cm. |
| Tagy: |
Pridať tag
Žiadne tagy, Buďte prvý kto otaguje tento záznam!
|
Titul je dostupný aj v ... 

MARC
| LEADER | 00000nam a2200000 a 4500 | ||
|---|---|---|---|
| 001 | 000482913 | ||
| 003 | SVKKK | ||
| 005 | 20121203142857.0 | ||
| 008 | 121203s2011 gw |||| 0 ger d | ||
| 020 | |a 9783401503783 (brosch.) |c € 9.99 | ||
| 040 | |a SVK |b ger |c SVK |e AACR2 | ||
| 041 | 0 | |a ger | |
| 044 | |a gw |c DE | ||
| 080 | |a 082 |2 GI | ||
| 245 | 0 | 0 | |a Allgemeinbildung : |b das muss man wissen / |c Martin Zimmermann (Hrsg.) ; mit Bildern von Hauke Kock. |
| 250 | |a 2. Auflage | ||
| 260 | |a Würzburg : |b Arena, |c 2011. | ||
| 300 | |a 352 S. : |b Ill. ; |c 20 cm. | ||
| 700 | 1 | |a Zimmermann, Martin |4 com | |
| 700 | 1 | |a Kock, Hauke |4 ill | |
| 910 | |a svkkk | ||
| 919 | |a 978-3-401-50378-3 | ||
| 998 | |a BK | ||
| 090 | |g SCKGI |k Študovňa GI |a 082 ZIM |j 7706 |i 2720123914 |4 Strata čitateľom |s Vyradená | ||